01287cam a2200313 i 4500952014400000999001700144001000900161003000400170005001700174008004100191010001700232020004200249040002800291042000800319050002600327082002300353100003600376245020400412264005500616300004400671336002100715337002500736338002300761504005100784650001700835700003200852906004500884942004400929 00102ddc40708DATAaMESbMEScCOMPd2022-09-26e53g700.00l0o006.312 ZAK/Dp41585r2022-09-26 00:00:00v700.00w2022-09-26yBKzGL33R3 c41541d4154117887468OSt20220922111213.0130916s2013 nyua b 001 0 eng  a 2013037544 a9780521766333 (hardback : alk. paper) aDLCbengcDLCerdadDLC apcc00aQA76.9.D343bZ36 201400a006.312223bZAK/D1 aZaki, Mohammed J.,d1971-9912110aData mining and analysis :bfundamental concepts and algorithms /cMohammed J. Zaki, Rensselaer Polytechnic Institute, Troy, New York, Wagner Meira, Jr., Universidade Federal de Minas Gerais, Brazil. 1aNew York, NY :bCambridge University Press,c2014. axi, 593 pages :billustrations ;c27 cm atext2rdacontent aunmediated2rdamedia avolume2rdacarrier aIncludes bibliographical references and index. 0aData mining.1 aMeira, Wagner,d1967-99122 a7bcbccorignewd1eecipf20gy-gencatlg 2ddccBKh006.312iZAK/Dk006.312mZAK/D